000 00843nam a22002177a 4500
005 20240530110601.0
008 160119s2013 ua a g b 001 0 ara d
020 _a9789953826158
040 _aEG-CaGPL
082 0 4 _221
_a320.9534\
_bس ع
100 0 _aسعيد سلطان الهاشمى .
245 1 0 _aعمان :
_bالانسان و السلطة : قراءة ممهدة لفهم المشهد السياسى العمانى المعاصر /
_cسعيد سلطان الهاشمى .
250 _aط1.
260 _aبيروت :
_bمركز دراسات الوحدة العربية ،
_c2013 .
300 _a272 ص ؛
_c24 سم .
504 _aببليوجرافية : ص 249 - 260
650 0 4 _aالمجتمع المدنى
_zعمان .
651 0 4 _aعمان
_xالاحوال السياسية .
942 _2ddc
_cBK
999 _c62667
_d62667